Single Vowel Capitals - Statistics

General Stats
  • This quiz has been taken 14,733 times
    13,608 since last reset
  • The average score is 15 of 27
Answer Stats
Country Capital % Correct
Norway Oslo
90%
United Kingdom London
82%
Venezuela Caracas
72%
Russia Moscow
70%
Switzerland Bern
66%
Bolivia La Paz
64%
Turkey Ankara
62%
Sweden Stockholm
60%
Morocco Rabat
59%
Poland Warsaw
58%
Cuba Havana
57%
Belarus Minsk
57%
Indonesia Jakarta
55%
Kazakhstan Astana
53%
Ghana Accra
52%
Jordan Amman
52%
Iraq Baghdad
52%
Yemen Sana'a
51%
Senegal Dakar
50%
Bangladesh Dhaka
50%
East Timor Dili
50%
Bahrain Manama
46%
Georgia Tbilisi
44%
Turkmenistan Ashgabat
37%
Eritrea Asmara
35%
Uganda Kampala
31%
Benin Porto-Novo
18%
No matching quizzes found
Score Distribution
Percent of People with Each Score
Percentile by Number Answered
Your Score History
You have not taken this quiz since the last reset